[Event "BL 8081 Delmenhorst-HSK"]
[Site "?"]
[Date "1980.??.??"]
[Round "?.3"]
[White "Cordes, H."]
[Black "Juhnke, K."]
[Result "1-0"]
[WhiteElo "2245"]
[BlackElo "2305"]
[PlyCount "79"]
[EventDate "1980.??.??"]

1. d4 Nf6 2. c4 g6 3. Nc3 Bg7 4. e4 d6 5. f3 O-O 6. Bg5 c5 7. d5 e6 8. Qd2 exd5
9. cxd5 Nbd7 10. Nh3 a6 11. a4 h6 12. Be3 Ne5 13. Nf2 Kh7 14. Be2 Rb8 15. O-O
Qe8 16. f4 Neg4 17. Bxg4 Nxg4 18. Nxg4 Bxg4 19. f5 gxf5 20. h3 Bh5 21. exf5
Qxe3+ 22. Qxe3 Bd4 23. Rfe1 Bxe3+ 24. Rxe3 f6 25. Re7+ Kg8 26. Ne4 Be8 27. Ra3
Rf7 28. Re6 b5 29. Rg3+ Kf8 30. Nxf6 Rxf6 31. Rxf6+ Bf7 32. Rxh6 Rb6 33. a5 Rb7
34. Rxd6 c4 35. f6 b4 36. Rd8+ Be8 37. Re3 c3 38. Rdxe8+ Kf7 39. R8e7+ Rxe7 40.
fxe7 1-0

[Event "BL 8081 Wilmersdorf-FH Hamburg"]
[Site "?"]
[Date "1980.??.??"]
[Round "?.1"]
[White "Wockenfuss, K."]
[Black "Lieb, H."]
[Result "1-0"]
[WhiteElo "2380"]
[BlackElo "2285"]
[PlyCount "67"]
[EventDate "1980.??.??"]

1. d4 Nf6 2. c4 g6 3. Nc3 Bg7 4. e4 d6 5. f3 O-O 6. Be3 Nc6 7. Nge2 a6 8. Qd2
Rb8 9. Nc1 e5 10. Nb3 exd4 11. Nxd4 Nxd4 12. Bxd4 Be6 13. Be2 c6 14. a4 Qa5 15.
O-O Ne8 16. Rfd1 Bxd4+ 17. Qxd4 Qg5 18. Rf1 f5 19. Rad1 Qe7 20. exf5 gxf5 21.
Rfe1 Qg7 22. Qf4 Rd8 23. c5 Bb3 24. Rd4 Nc7 25. Rxd6 Nd5 26. Bc4 Kh8 27. Rxd5
Rxd5 28. Bxb3 Rd4 29. Qe5 Rb4 30. Qe6 Qd4+ 31. Kh1 Qxc5 32. h3 Qd4 33. Qe7 Rf6
34. Rd1 1-0

[Event "BL 8081 Wilmersdorf-FH Hamburg"]
[Site "?"]
[Date "1980.??.??"]
[Round "?.2"]
[White "Teschner, R."]
[Black "Dankert, P."]
[Result "0-1"]
[WhiteElo "2415"]
[BlackElo "2365"]
[PlyCount "130"]
[EventDate "1980.??.??"]

1. d4 Nf6 2. c4 e6 3. Nf3 b6 4. g3 Bb7 5. Bg2 Bb4+ 6. Bd2 Be7 7. Nc3 O-O 8. O-O
d5 9. Ne5 c6 10. Qa4 Nbd7 11. Nxd7 Nxd7 12. cxd5 exd5 13. e4 b5 14. Qb3 b4 15.
Na4 Ba6 16. Rfe1 Bc4 17. Qc2 Nf6 18. e5 Ne8 19. b3 Bb5 20. Nc5 a5 21. a4 Ba6
22. Nxa6 Rxa6 23. f4 f5 24. Rac1 g6 25. Qd3 Rb6 26. Rc2 Ng7 27. Rec1 Qd7 28.
Be3 Ne6 29. Bf3 Kg7 30. Rg2 Qe8 31. Rf1 Kh8 32. g4 fxg4 33. Bxg4 c5 34. dxc5
Bxc5 35. Bxc5 Nxc5 36. Qxd5 Ne6 37. Qxa5 Rb8 38. Rgf2 Nd4 39. Qd5 Rd8 40. Qc4
Qe7 41. a5 Qh4 42. Bd1 Nf5 43. Qe4 Rxd1 44. a6 Rd4 45. Qb7 Qd8 46. a7 Qa8 47.
Qxa8 Rxa8 48. Ra1 Rd7 49. Rfa2 Ne7 50. Kf2 Nc8 51. Ke3 Kg7 52. Ra4 Nb6 53. Ra5
Kf7 54. Ke4 Nc8 55. Rb5 Raxa7 56. Rxa7 Rxa7 57. Rxb4 Ra2 58. h3 Rh2 59. Rc4 Ne7
60. Rc3 Ke6 61. Rd3 Nf5 62. Rc3 Re2+ 63. Kd3 Re3+ 64. Kd2 Re4 65. Rf3 Nd4 0-1

[Event "BL 8081 Wilmersdorf-FH Hamburg"]
[Site "?"]
[Date "1980.??.??"]
[Round "?.3"]
[White "Rosin, W."]
[Black "Jahr, U."]
[Result "0-1"]
[WhiteElo "2265"]
[BlackElo "2230"]
[PlyCount "71"]
[EventDate "1980.??.??"]

1. d4 f5 2. e4 fxe4 3. Nc3 Nf6 4. Bg5 Nc6 5. d5 Ne5 6. Qd4 Nf7 7. h4 g6 8. Bxf6
exf6 9. Nxe4 Bg7 10. Qb4 f5 11. Ng3 a5 12. Qa3 d6 13. Bb5+ c6 14. dxc6 O-O 15.
N1e2 bxc6 16. Bxc6 Rb8 17. c3 Qb6 18. Qa4 Ba6 19. O-O f4 20. Nxf4 Bxf1 21. Rxf1
Be5 22. Nd5 Qxb2 23. Ne4 Nh6 24. Qc4 Kh8 25. f4 Bg7 26. Nxd6 Nf5 27. Nxf5 Rxf5
28. g4 Rff8 29. f5 gxf5 30. gxf5 Rg8 31. Kh1 Be5 32. Nf4 Rg4 33. Bg2 Rxh4+ 34.
Kg1 Qb6+ 35. Rf2 Rxf4 36. Qe6 0-1

[Event "BL 8081 HSK-Wilmersdorf"]
[Site "?"]
[Date "1980.??.??"]
[Round "?.1"]
[White "Lieb, H."]
[Black "Chandler, M."]
[Result "0-1"]
[WhiteElo "2285"]
[BlackElo "2455"]
[PlyCount "100"]
[EventDate "1980.??.??"]

1. e4 d6 2. d4 Nf6 3. Nc3 g6 4. Be2 Bg7 5. h4 Nc6 6. h5 gxh5 7. Nh3 Bxh3 8.
Rxh3 Qd7 9. Be3 e5 10. d5 Nd4 11. Bxd4 exd4 12. Qxd4 Kf8 13. Qd2 Re8 14. f3 a6
15. Kf1 Rg8 16. Bd3 Re5 17. Ne2 Bh8 18. Rh4 Reg5 19. g3 Qe7 20. Kf2 Nd7 21.
Rah1 Bxb2 22. Qb4 Qf6 23. Rf4 Qg7 24. c3 Nc5 25. Ke3 Rxg3 26. Qxb2 Qh6 27. Rhh4
R8g4 28. Rhxg4 hxg4 29. Nxg3 Qxf4+ 30. Kxf4 Nxd3+ 31. Kxg4 Nxb2 32. Nf5 Nd1 33.
c4 b6 34. f4 Nc3 35. e5 Nxa2 36. exd6 cxd6 37. Nxd6 Nc3 38. Kf5 a5 39. Nc8 a4
40. Nxb6 a3 41. Nd7+ Ke7 42. Nc5 a2 43. Nb3 Kd6 44. Kg5 Ne4+ 45. Kh6 Nd2 46.
Na1 Nxc4 47. Kxh7 Kxd5 48. Kg7 f5 49. Kg6 Ke4 50. Kg5 Nd2 0-1

[Event "BL 8081 HSK-Wilmersdorf"]
[Site "?"]
[Date "1980.??.??"]
[Round "?.2"]
[White "Kunsztowicz, U."]
[Black "Teschner, R."]
[Result "1/2-1/2"]
[WhiteElo "2460"]
[BlackElo "2415"]
[PlyCount "73"]
[EventDate "1980.??.??"]

1. d4 Nf6 2. c4 e6 3. Nc3 Bb4 4. Bg5 h6 5. Bh4 c5 6. d5 Bxc3+ 7. bxc3 e5 8. d6
Nc6 9. e3 b6 10. Bd3 Bb7 11. Nh3 Qb8 12. Bxf6 gxf6 13. Be4 Na5 14. Qf3 Bxe4 15.
Qxe4 Qb7 16. Qf5 O-O-O 17. O-O Rdg8 18. f3 Rg6 19. Qd3 Rhg8 20. g3 h5 21. Kf2
Kb8 22. Rfd1 Qc6 23. a4 Nb7 24. Ke2 Re8 25. Nf2 Re6 26. Qf5 Rh6 27. Ne4 Kc8 28.
a5 Nxd6 29. Nxd6+ Rxd6 30. Rxd6 Qxd6 31. Qe4 f5 32. Qa8+ Qb8 33. Qd5 Rd6 34.
Qxf7 bxa5 35. Qe8+ Kc7 36. Qxb8+ Kxb8 37. Rxa5 1/2-1/2

[Event "BL 8081 HSK-Wilmersdorf"]
[Site "?"]
[Date "1980.??.??"]
[Round "?.3"]
[White "Jahr, U."]
[Black "Cordes, H."]
[Result "0-1"]
[WhiteElo "2230"]
[BlackElo "2245"]
[PlyCount "130"]
[EventDate "1980.??.??"]

1. e4 c5 2. Nf3 d6 3. d4 cxd4 4. Nxd4 Nf6 5. Nc3 a6 6. Bc4 e6 7. O-O b5 8. Bb3
Be7 9. a3 O-O 10. f4 Bb7 11. f5 e5 12. Nde2 Nxe4 13. Nxe4 Bxe4 14. Ng3 Bb7 15.
f6 Bxf6 16. Nh5 Kh8 17. Bh6 Rg8 18. Bd5 Qc7 19. Nxf6 gxf6 20. Qf3 Rg6 21. Bxb7
Ra7 22. Be4 Rxh6 23. Rad1 Nd7 24. b4 Qb6+ 25. Kh1 Rc7 26. Qd3 Rc4 27. Qxd6 Qxd6
28. Rxd6 Rxe4 29. Rxd7 Kg7 30. Kg1 Rg6 31. Rc7 Re2 32. g3 Rh6 33. h4 Rg6 34.
Rc3 Rg4 35. Rf2 Rxf2 36. Kxf2 f5 37. Rc6 Rg6 38. Rc5 Re6 39. c4 bxc4 40. Rxc4
Rd6 41. Rc5 Kf6 42. Ke3 Ke6 43. b5 axb5 44. Rxb5 Ra6 45. Rb3 Kf6 46. Kf3 Kg6
47. Kf2 Kh5 48. Kf3 Ra4 49. Rc3 f4 50. Rb3 fxg3 51. Kg2 Rxh4 52. Rxg3 Ra4 53.
Rg7 f5 54. Re7 Ra5 55. Rxh7+ Kg4 56. Rh3 f4 57. Rb3 Ra4 58. Kf2 Rc4 59. Rb2 Rc1
60. Ra2 e4 61. a4 f3 62. a5 Kf4 63. Ra4 Rc2+ 64. Kf1 Kg3 65. Ra1 Rh2 0-1

[Event "BL 8081 FH Hamburg-Delmenhorst"]
[Site "?"]
[Date "1980.??.??"]
[Round "?.2"]
[White "Dankert, P."]
[Black "Meyer, CD."]
[Result "1-0"]
[WhiteElo "2365"]
[BlackElo "2250"]
[PlyCount "81"]
[EventDate "1980.??.??"]

1. d4 g6 2. Nf3 Bg7 3. e4 d6 4. Be2 Nf6 5. Nc3 O-O 6. h3 c6 7. Bf4 Nbd7 8. e5
dxe5 9. dxe5 Nd5 10. Nxd5 cxd5 11. O-O Nc5 12. Qc1 Ne6 13. Bh6 Bd7 14. Bxg7
Kxg7 15. Rd1 Bc6 16. Nd4 Qb6 17. c3 Rad8 18. Bg4 Nxd4 19. Rxd4 f6 20. e6 Qc7
21. Qd2 Rd6 22. Re1 h6 23. Bf3 Rfd8 24. Bd1 Qc8 25. Qe3 Rf8 26. Bf3 f5 27. c4
dxc4 28. Rxd6 exd6 29. Qd4+ Kh7 30. e7 Rg8 31. Qxc4 Qe8 32. Bxc6 bxc6 33. Qe6
d5 34. Qd6 Rg7 35. Re6 h5 36. Kf1 d4 37. Qd8 Rg8 38. Qxd4 Rg7 39. Qxa7 Kg8 40.
Qc5 Kf7 41. Rxc6 1-0

[Event "BL 8081 FH Hamburg-Delmenhorst"]
[Site "?"]
[Date "1980.??.??"]
[Round "?.3"]
[White "Juhnke, K."]
[Black "Rosin, W."]
[Result "1/2-1/2"]
[WhiteElo "2305"]
[BlackElo "2265"]
[PlyCount "38"]
[EventDate "1980.??.??"]

1. d4 Nf6 2. c4 e6 3. Nc3 d5 4. Bg5 Be7 5. e3 O-O 6. Nf3 Nbd7 7. Rc1 c6 8. Bd3
Re8 9. O-O Nf8 10. h3 Nh5 11. Bxe7 Qxe7 12. Ne5 Nf6 13. Qc2 N6d7 14. Nxd7 Bxd7
15. cxd5 exd5 16. Bf5 Bxf5 17. Qxf5 g6 18. Qc2 f5 19. Rfe1 Ne6 1/2-1/2

[Event "BL 8081 FH Hamburg-Delmenhorst"]
[Site "?"]
[Date "1980.??.??"]
[Round "?.4"]
[White "Clemens, C."]
[Black "Dornieden, M."]
[Result "1-0"]
[WhiteElo "2390"]
[BlackElo "2320"]
[PlyCount "77"]
[EventDate "1980.??.??"]

1. g3 g6 2. Bg2 Bg7 3. d4 d6 4. e4 c5 5. dxc5 Qa5+ 6. Bd2 Qxc5 7. Nc3 Nf6 8.
Nge2 O-O 9. h3 Nc6 10. Be3 Qa5 11. O-O Ne5 12. b3 Bd7 13. f4 Nc6 14. Qd2 Rfc8
15. a3 a6 16. b4 Qc7 17. g4 e6 18. Rad1 Na7 19. e5 dxe5 20. fxe5 Nd5 21. Bxd5
exd5 22. Nxd5 Qxe5 23. Nb6 Rxc2 24. Qxc2 Qxe3+ 25. Rf2 Bc6 26. Nxa8 Qxh3 27.
Rd8+ Bf8 28. Rh2 Qxg4+ 29. Kf1 Qf3+ 30. Ke1 Qf6 31. Qd2 h5 32. Qd4 Qe7 33.
Rxf8+ Qxf8 34. Qxa7 Qd6 35. Rf2 Qd3 36. Qd4 Qxa3 37. Qd8+ Kg7 38. Qf6+ Kh6 39.
Qf4+ 1-0

[Event "BL 8081 Bochum-Solingen"]
[Site "?"]
[Date "1980.??.??"]
[Round "?.3"]
[White "Bachmann, K."]
[Black "Hecht, H."]
[Result "0-1"]
[WhiteElo "2265"]
[BlackElo "2475"]
[PlyCount "124"]
[EventDate "1980.??.??"]

1. Nf3 e6 2. c4 Nf6 3. d4 Bb4+ 4. Bd2 Qe7 5. a3 Bxd2+ 6. Qxd2 Ne4 7. Qc2 f5 8.
Nc3 Nxc3 9. Qxc3 d6 10. e3 Nd7 11. Be2 O-O 12. O-O b6 13. Rfd1 Nf6 14. b4 Ne4
15. Qb2 Bb7 16. Rac1 f4 17. Rd3 Ng5 18. d5 Rae8 19. exf4 Rxf4 20. Nxg5 Qxg5 21.
Rg3 Qh6 22. h3 Re7 23. Re3 Qg5 24. Rg3 Qh6 25. Re3 Qg5 26. Rg3 Qf6 27. Qxf6
Rxf6 28. Re3 Kf7 29. Bf3 e5 30. Be4 g6 31. c5 bxc5 32. bxc5 dxc5 33. Rxc5 Ke8
34. Rec3 Kd8 35. f3 Ra6 36. Rb3 Rb6 37. Rbb5 Rd7 38. Ra5 a6 39. h4 Rb2 40. Kh2
Rd2 41. Kh3 Rd6 42. Kg3 Rb6 43. Rc3 Rbb2 44. f4 Rd4 45. Re3 Rb5 46. Rxb5 axb5
47. fxe5 Bxd5 48. Bxd5 Rxd5 49. Kf4 Ke7 50. e6 Rd6 51. Rc3 c6 52. Kg5 Kxe6 53.
Kh6 Kd5 54. Kxh7 c5 55. Rd3+ Ke5 56. Rh3 Ra6 57. Kg7 Kd4 58. g4 c4 59. h5 gxh5
60. gxh5 c3 61. h6 c2 62. Rh1 Rxa3 0-1

[Event "BL 8081 Bochum-Solingen"]
[Site "?"]
[Date "1980.??.??"]
[Round "?.4"]
[White "Borngaesser, R."]
[Black "Wittmann, R."]
[Result "1/2-1/2"]
[WhiteElo "2365"]
[BlackElo "2320"]
[PlyCount "141"]
[EventDate "1980.??.??"]

1. e4 c5 2. Nc3 Nc6 3. g3 g6 4. Bg2 Bg7 5. d3 e6 6. Be3 Nd4 7. Qd2 Ne7 8. Nh3
d5 9. O-O b6 10. Rae1 O-O 11. Bh6 Bb7 12. Bxg7 Kxg7 13. Kh1 dxe4 14. dxe4 Ba6
15. Rg1 Qc7 16. f4 Rad8 17. Qf2 Bb7 18. g4 f6 19. Nd1 c4 20. c3 Nb5 21. Ne3 Nd6
22. Nc2 e5 23. Qh4 Nf7 24. g5 fxg5 25. Nxg5 Nxg5 26. fxg5 Rf4 27. Qh6+ Kh8 28.
Rgf1 Ng8 29. Qh3 Rd3 30. Ne3 Qe7 31. Qg3 Qc7 32. Qh3 b5 33. Qe6 Qe7 34. Qxe7
Nxe7 35. a4 a6 36. axb5 axb5 37. Re2 Kg7 38. Kg1 Kf7 39. Ng4 Ke6 40. Nf2 Rd8
41. Bh3+ Kf7 42. Ng4 Rxf1+ 43. Kxf1 Rd1+ 44. Re1 Rxe1+ 45. Kxe1 Nc6 46. Kd2 Ke7
47. Nf6 h5 48. Nd5+ Kd6 49. Ke3 Nd8 50. Nf6 Nf7 51. Nh7 Ke7 52. Bg2 h4 53. Bh3
Bc6 54. Kf3 Nd6 55. Nf6 Nb7 56. Ng4 Kd6 57. Nf2 Nc5 58. Ke3 Na4 59. Nd1 Be8 60.
Kd2 Bf7 61. Bg4 Nc5 62. Nf2 Na4 63. Nd1 Kc5 64. Bd7 Nb6 65. Bg4 Be8 66. Be6 Kd6
67. Bg4 Bc6 68. Ke3 Na4 69. Bh3 Be8 70. Kd2 Kc5 71. Be6 1/2-1/2

[Event "BL 8081 Bochum-Solingen"]
[Site "?"]
[Date "1980.??.??"]
[Round "?.5"]
[White "Ackermann, H."]
[Black "Lehmann, H."]
[Result "1/2-1/2"]
[WhiteElo "2275"]
[BlackElo "2345"]
[PlyCount "70"]
[EventDate "1980.??.??"]

1. e4 c5 2. Nf3 g6 3. d4 cxd4 4. Qxd4 Nf6 5. Bb5 Nc6 6. Bxc6 bxc6 7. e5 Nd5 8.
e6 f6 9. exd7+ Qxd7 10. O-O Nb6 11. Re1 Qxd4 12. Nxd4 Bd7 13. Ne6 Kf7 14. Nxf8
Rhxf8 15. Be3 Bf5 16. Na3 Rfd8 17. f3 Rd7 18. Re2 Na4 19. Rae1 Nxb2 20. g4 Be6
21. Bc1 Bd5 22. Bxb2 Bxf3 23. Rf2 Bxg4 24. Nc4 Bf5 25. Ne3 Be6 26. a4 Rb8 27.
Bc3 h5 28. Rfe2 Rbb7 29. h4 Bd5 30. Rf2 Ba2 31. Rf4 Kg7 32. Ref1 Rd6 33. Bb4
Re6 34. Re1 Kf7 35. Kf2 Re5 1/2-1/2

[Event "BL 8081 Bochum-Solingen"]
[Site "?"]
[Date "1980.??.??"]
[Round "?.6"]
[White "Friehoff, H."]
[Black "Paulsen, D."]
[Result "0-1"]
[WhiteElo "2240"]
[BlackElo "2240"]
[PlyCount "80"]
[EventDate "1980.??.??"]

1. d4 f5 2. Nf3 Nf6 3. g3 g6 4. Bg2 Bg7 5. O-O O-O 6. c4 d6 7. Nc3 c6 8. Qb3
Na6 9. Rd1 Qe8 10. a4 Kh8 11. Qa3 Nc7 12. d5 c5 13. a5 Bd7 14. Rb1 b5 15. cxb5
Nxb5 16. Nxb5 Bxb5 17. Ng5 Bd7 18. b4 c4 19. Be3 a6 20. Bd4 Rc8 21. Qe3 h6 22.
Ne6 Bxe6 23. Qxe6 Ng4 24. h3 Bxd4 25. Rxd4 Ne5 26. f4 Rf6 27. fxe5 Rxe6 28.
dxe6 dxe5 29. Rd7 e4 30. e3 Qf8 31. Bf1 Qf6 32. Rd4 Qxe6 33. Kf2 c3 34. Ra1 Qb3
35. Rdd1 c2 36. Rdc1 Rd8 37. Be2 Rd2 38. b5 Qxb5 39. Re1 Rxe2+ 40. Rxe2 Qb2 0-1

[Event "BL 8081 Porz-Katernberg"]
[Site "?"]
[Date "1980.??.??"]
[Round "?.2"]
[White "Rosen, W."]
[Black "Hort, V."]
[Result "1/2-1/2"]
[WhiteElo "2310"]
[BlackElo "2575"]
[PlyCount "57"]
[EventDate "1980.??.??"]

1. e4 c5 2. Nf3 d6 3. d4 cxd4 4. Nxd4 Nf6 5. Nc3 e6 6. g4 h6 7. Bg2 a6 8. h3
Bd7 9. Be3 Nc6 10. f4 Qc7 11. Qe2 Be7 12. O-O-O Rc8 13. Qf2 b5 14. g5 hxg5 15.
fxg5 Nh7 16. Nxc6 Bxc6 17. h4 b4 18. Ne2 Ba4 19. Nd4 e5 20. Nb3 Bb5 21. Bh3 Rb8
22. g6 fxg6 23. Be6 Bf6 24. Bd5 Nf8 25. Ba7 Rc8 26. Bb6 Qb8 27. Ba7 Qc7 28. Bb6
Qb8 29. Ba7 1/2-1/2

[Event "BL 8081 Porz-Katernberg"]
[Site "?"]
[Date "1980.??.??"]
[Round "?.6"]
[White "Rupp, C."]
[Black "Troeger, P."]
[Result "1-0"]
[WhiteElo "2260"]
[BlackElo "2330"]
[PlyCount "101"]
[EventDate "1980.??.??"]

1. c4 e5 2. g3 Nc6 3. Bg2 Nge7 4. Nf3 d5 5. cxd5 Nxd5 6. O-O Be7 7. Nc3 Nf6 8.
d3 O-O 9. a3 Be6 10. b4 Nd5 11. Ne4 f6 12. Bb2 Qd7 13. Rc1 Bh3 14. Bxh3 Qxh3
15. Qb3 Qe6 16. Ned2 Nd8 17. e4 Nb6 18. Rxc7 Qxb3 19. Nxb3 Bd6 20. Rc2 Na4 21.
Ba1 Ne6 22. Rfc1 Rfe8 23. Na5 Re7 24. Nh4 Rd7 25. Kf1 Bf8 26. Ke2 Rad8 27. Rd1
Kf7 28. Nf5 Ra8 29. Ne3 b6 30. Nac4 a5 31. Nd5 axb4 32. Ndxb6 b3 33. Rcd2 Nxb6
34. Nxb6 Rda7 35. Nxa8 Rxa8 36. Bb2 Bc5 37. Rb1 Rb8 38. Rdd1 Bd4 39. Rdc1 Bxb2
40. Rxb2 Nd4+ 41. Kd2 Ra8 42. Ra1 Ke6 43. a4 Kd6 44. Ra3 Ra5 45. Rbxb3 Nxb3+
46. Rxb3 Rxa4 47. Rb7 g5 48. Rxh7 Ra1 49. h4 gxh4 50. Rxh4 Ke6 51. Rh8 1-0

[Event "BL 8081 Porz-Katernberg"]
[Site "?"]
[Date "1980.??.??"]
[Round "?.7"]
[White "Gerusel, M."]
[Black "Waagener, U."]
[Result "1/2-1/2"]
[WhiteElo "2370"]
[BlackElo "2275"]
[PlyCount "114"]
[EventDate "1980.??.??"]

1. d4 Nf6 2. c4 e6 3. Nc3 Bb4 4. Qc2 c5 5. dxc5 O-O 6. Bf4 Na6 7. a3 Bxc3+ 8.
Qxc3 Nxc5 9. f3 d5 10. Rd1 Qe7 11. Bg5 dxc4 12. e4 e5 13. Bxc4 Bd7 14. Ne2 Rac8
15. Qb4 b6 16. Nc3 Be6 17. Bxe6 Qxe6 18. O-O Ne8 19. Nd5 f6 20. Be3 Nd6 21. Rf2
Ndb7 22. Qc4 Rf7 23. b4 Nd6 24. Qa2 Ncb7 25. Rc2 Rxc2 26. Qxc2 Rf8 27. Qa4 Nc8
28. Rc1 Kh8 29. Rc7 Rf7 30. Rc6 Qe8 31. Qc2 Nbd6 32. a4 Rf8 33. b5 Rf7 34. Bd2
Rb7 35. Bb4 Rd7 36. Qc3 Qd8 37. g4 Qe8 38. Ne3 Rd8 39. Qb3 h5 40. h3 hxg4 41.
hxg4 Rd7 42. Kg2 Rd8 43. Rc1 Nf7 44. Nf5 Kg8 45. Rxc8 Rxc8 46. Ne7+ Kh7 47.
Nxc8 Qxc8 48. Qxf7 Qc2+ 49. Kg3 Qb1 50. Qh5+ Kg8 51. Qe8+ Kh7 52. Qh5+ Kg8 53.
g5 Qg1+ 54. Kh3 Qh1+ 55. Kg4 f5+ 56. exf5 Qg2+ 57. Kh4 Qh2+ 1/2-1/2

[Event "BL 8081 Solingen-Porz"]
[Site "?"]
[Date "1980.??.??"]
[Round "?.2"]
[White "Hort, V."]
[Black "Kavalek, L."]
[Result "1/2-1/2"]
[WhiteElo "2575"]
[BlackElo "2550"]
[PlyCount "63"]
[EventDate "1980.??.??"]

1. d4 Nf6 2. c4 e6 3. Nc3 c5 4. d5 exd5 5. cxd5 d6 6. e4 a6 7. a4 g6 8. Nf3 Bg7
9. Be2 O-O 10. O-O Bg4 11. Nd2 Bxe2 12. Qxe2 Nbd7 13. a5 Re8 14. Nc4 b5 15.
axb6 Nxb6 16. Nxb6 Qxb6 17. Ra4 Nd7 18. Re1 Bd4 19. Kh1 Ne5 20. f4 Nd7 21. g4
Nf6 22. Qd1 h5 23. gxh5 Nxh5 24. Qf3 Qb3 25. Ra3 Qc2 26. Ra1 Qf2 27. Qxf2 Bxf2
28. Re2 Bd4 29. Kg2 f5 30. exf5 Rxe2+ 31. Nxe2 gxf5 32. Ra4 1/2-1/2

[Event "BL 8081 Solingen-Porz"]
[Site "?"]
[Date "1980.??.??"]
[Round "?.3"]
[White "Hecht, H."]
[Black "Sigurjonsson, G."]
[Result "1/2-1/2"]
[WhiteElo "2475"]
[BlackElo "2435"]
[PlyCount "56"]
[EventDate "1980.??.??"]

1. e4 c5 2. Nf3 d6 3. Nc3 a6 4. d4 cxd4 5. Nxd4 Nf6 6. Bg5 e6 7. Qf3 h6 8. Bh4
Nbd7 9. O-O-O Qc7 10. Bg3 Ne5 11. Qe3 g5 12. h4 Rg8 13. hxg5 hxg5 14. Nf3 Nfg4
15. Qd2 Be7 16. Nxe5 Nxe5 17. f3 Bd7 18. Bf2 b5 19. Qd4 Rb8 20. Rd2 Nc6 21. Qd3
Qa5 22. Kb1 Rc8 23. Qe3 Nb4 24. Qb6 Qxb6 25. Bxb6 Nc6 26. Nd1 Ne5 27. b3 Bc6
28. Ne3 Kd7 1/2-1/2

[Event "BL 8081 Solingen-Porz"]
[Site "?"]
[Date "1980.??.??"]
[Round "?.4"]
[White "Schmidt, B."]
[Black "Borngaesser, R."]
[Result "1/2-1/2"]
[WhiteElo "2375"]
[BlackElo "2365"]
[PlyCount "101"]
[EventDate "1980.??.??"]

1. d4 f5 2. g3 Nf6 3. Bg2 g6 4. Nf3 Bg7 5. O-O O-O 6. c4 d6 7. Nc3 c6 8. d5 e5
9. dxe6 Bxe6 10. Qd3 Na6 11. Bf4 Qa5 12. Rad1 d5 13. Ng5 Nc5 14. Qb1 dxc4 15.
Bd6 Rfe8 16. b4 cxb3 17. Bxc5 Qxc5 18. Nxe6 Rxe6 19. Qxb3 Rae8 20. e4 Kh8 21.
exf5 gxf5 22. Rc1 Qe7 23. Qa4 a6 24. Bh3 Re5 25. Qc2 Ne4 26. Nxe4 fxe4 27. Rcd1
Rd5 28. Bg2 Rxd1 29. Qxd1 e3 30. fxe3 Qxe3+ 31. Kh1 Qe7 32. Qh5 Rf8 33. Rd1 c5
34. Qd5 b5 35. Rf1 c4 36. h4 Rd8 37. Qf5 Rf8 38. Qd5 Rd8 39. Qf5 Qd7 40. Qh5
Qd3 41. Re1 Qg6 42. Qxg6 hxg6 43. Be4 Re8 44. Kg2 Bc3 45. Re2 Kg7 46. Kf3 Bd4
47. Bb7 Rf8+ 48. Ke4 Re8+ 49. Kf3 Rxe2 50. Kxe2 b4 51. Bxa6 1/2-1/2

[Event "BL 8081 Solingen-Porz"]
[Site "?"]
[Date "1980.??.??"]
[Round "?.5"]
[White "Lehmann, H."]
[Black "Reefschlaeger, H."]
[Result "0-1"]
[WhiteElo "2345"]
[BlackElo "2400"]
[PlyCount "92"]
[EventDate "1980.??.??"]

1. d4 d5 2. c4 c6 3. Nc3 Nf6 4. cxd5 cxd5 5. Bf4 Nc6 6. e3 Bf5 7. Nf3 e6 8. Bb5
Nd7 9. Qa4 Qb6 10. O-O Be7 11. e4 Bxe4 12. Nxe4 dxe4 13. Nd2 O-O 14. Nc4 Qd8
15. Bxc6 Nb6 16. Qc2 bxc6 17. Na5 Qd5 18. Nxc6 Bf6 19. Be5 Rac8 20. Rac1 Kh8
21. Qb3 Qd7 22. Qa3 Bg5 23. Rc5 Be7 24. Qg3 Rg8 25. Nxe7 Qxe7 26. Rfc1 f6 27.
Bd6 Qd7 28. h4 Nd5 29. Qa3 Ra8 30. Bg3 h6 31. Rc6 Rac8 32. Rxc8 Rxc8 33. Rc5
Kh7 34. b4 Qb7 35. Qc1 Rd8 36. a3 Qa6 37. b5 Qa4 38. Qa1 e3 39. Qb1+ f5 40.
fxe3 Nxe3 41. Be5 Rxd4 42. Bxd4 Qxd4 43. Qb4 Qd1+ 44. Kh2 Ng4+ 45. Kh3 Qd3+ 46.
g3 Qf1# 0-1

[Event "BL 8081 Solingen-Porz"]
[Site "?"]
[Date "1980.??.??"]
[Round "?.6"]
[White "Troeger, P."]
[Black "Friehoff, H."]
[Result "1-0"]
[WhiteElo "2330"]
[BlackElo "2240"]
[PlyCount "67"]
[EventDate "1980.??.??"]

1. d4 Nf6 2. Nf3 e6 3. Nbd2 c5 4. e3 b6 5. c3 Bb7 6. Bd3 Nc6 7. O-O Rc8 8. Qe2
Qc7 9. dxc5 bxc5 10. e4 d6 11. Nc4 Be7 12. h3 d5 13. exd5 exd5 14. Ne3 O-O 15.
Nf5 Rfe8 16. Qe3 h6 17. Nxg7 Kxg7 18. Qxh6+ Kg8 19. Ng5 Ne5 20. Bh7+ Kh8 21.
Bf5+ Kg8 22. f4 Bf8 23. Bh7+ Kh8 24. Qxf6+ Bg7 25. Qf5 f6 26. fxe5 fxg5 27. Bg6
Rf8 28. Qxg5 Rxf1+ 29. Kxf1 Bxe5 30. Kg1 Rf8 31. Bd2 d4 32. Bd3 Bd5 33. Re1
Bh2+ 34. Kh1 1-0

[Event "BL 8081 Solingen-Porz"]
[Site "?"]
[Date "1980.??.??"]
[Round "?.7"]
[White "Lau, R."]
[Black "Gerusel, M."]
[Result "1/2-1/2"]
[WhiteElo "2405"]
[BlackElo "2370"]
[PlyCount "71"]
[EventDate "1980.??.??"]

1. e4 c5 2. Nf3 e6 3. d4 cxd4 4. Nxd4 a6 5. Bd3 g6 6. Be3 Bg7 7. O-O Ne7 8. Nc3
O-O 9. f4 Nbc6 10. Nxc6 Nxc6 11. Qf3 d6 12. Rad1 Qa5 13. Qg3 d5 14. exd5 exd5
15. Bd2 f5 16. Kh1 Be6 17. a3 Qc7 18. Rfe1 Bf7 19. Bc1 Na5 20. Ne2 Nc4 21. b3
Nd6 22. Be3 Ne4 23. Qf3 Rfe8 24. Bg1 b5 25. Nd4 Qa5 26. b4 Qc7 27. Bf1 Nd6 28.
Rxe8+ Rxe8 29. a4 bxa4 30. Bxa6 Nc4 31. Bb5 Re4 32. g3 a3 33. Bxc4 Qxc4 34.
Qxa3 Bxd4 35. Rxd4 Qxc2 36. Qd3 1/2-1/2

[Event "BL 8081 Katernberg-Bochum"]
[Site "?"]
[Date "1980.??.??"]
[Round "?.2"]
[White "Budde, V."]
[Black "Rosen, W."]
[Result "1-0"]
[WhiteElo "2285"]
[BlackElo "2310"]
[PlyCount "45"]
[EventDate "1980.??.??"]

1. c4 c5 2. Nc3 Nc6 3. e3 Nf6 4. Nf3 d5 5. d4 e6 6. cxd5 Nxd5 7. Bd3 cxd4 8.
exd4 Be7 9. O-O O-O 10. Re1 Bf6 11. Be4 Nce7 12. Qd3 h6 13. Ne5 Nxc3 14. Qxc3
Nf5 15. Be3 Nd6 16. Bc2 Re8 17. Rad1 b6 18. Qd3 Bb7 19. Qh7+ Kf8 20. Bf4 Bd5
21. Bb3 Nf5 22. Ba4 Ke7 23. Qxf5 1-0

[Event "BL 8081 Katernberg-Bochum"]
[Site "?"]
[Date "1980.??.??"]
[Round "?.6"]
[White "Paulsen, D."]
[Black "Rupp, C."]
[Result "1-0"]
[WhiteElo "2240"]
[BlackElo "2260"]
[PlyCount "63"]
[EventDate "1980.??.??"]

1. e4 g6 2. d4 Bg7 3. Nc3 d6 4. Be2 Nc6 5. Be3 e5 6. dxe5 Nxe5 7. f4 Nc6 8. Qd2
Nf6 9. h3 O-O 10. O-O-O Re8 11. Bf3 Qe7 12. g4 Be6 13. Nge2 Bc4 14. Ng3 Rad8
15. Rhe1 Nd7 16. Bf2 Nb6 17. g5 Nb4 18. Bd4 Bxd4 19. Qxd4 d5 20. Qf2 Nxa2+ 21.
Nxa2 Bxa2 22. exd5 Qd6 23. Rxe8+ Rxe8 24. Bg2 Nc4 25. Ne4 Rxe4 26. Bxe4 Qb4 27.
Qd4 Qa5 28. Bd3 Nd6 29. b3 Qa3+ 30. Qb2 Qa5 31. Rd2 b5 32. c3 1-0

[Event "BL 8081 Mainz-Frankfurt"]
[Site "?"]
[Date "1980.??.??"]
[Round "?.1"]
[White "Lobron, E."]
[Black "Soos, B."]
[Result "1-0"]
[WhiteElo "2405"]
[BlackElo "2420"]
[PlyCount "97"]
[EventDate "1980.??.??"]

1. Nf3 Nf6 2. g3 d5 3. Bg2 g6 4. O-O Bg7 5. d3 O-O 6. Nbd2 c5 7. e4 e6 8. Re1
Nc6 9. c3 a5 10. e5 Ng4 11. d4 cxd4 12. cxd4 f6 13. h3 Nh6 14. Nb3 Nf7 15. exf6
Qxf6 16. Bf4 a4 17. Nc5 a3 18. Qb3 axb2 19. Rad1 g5 20. Bc7 Qe7 21. Bb6 Nd6 22.
Nd3 Ne4 23. Qxb2 Qa3 24. Qxa3 Rxa3 25. Nfe5 Nxe5 26. dxe5 Rxa2 27. Bxe4 dxe4
28. Nb4 Ra4 29. Rxe4 Re8 30. Be3 Bf8 31. Nd5 Rxe4 32. Nf6+ Kf7 33. Nxe4 Be7 34.
Bxg5 Bxg5 35. Nxg5+ Kg6 36. Ne4 b5 37. Nd6 Rd8 38. Rd4 Ba6 39. Rg4+ Kh5 40. Rg7
Rb8 41. Nf7 h6 42. Nd6 b4 43. Ne4 Rf8 44. Nf6+ Rxf6 45. exf6 b3 46. f7 b2 47.
f8=Q b1=Q+ 48. Kh2 Qh1+ 49. Kxh1 1-0

[Event "BL 8081 Mainz-Frankfurt"]
[Site "?"]
[Date "1980.??.??"]
[Round "?.2"]
[White "Hess, R."]
[Black "Werner, D."]
[Result "1-0"]
[WhiteElo "2425"]
[BlackElo "2345"]
[PlyCount "41"]
[EventDate "1980.??.??"]

1. e4 e6 2. d4 d5 3. Nc3 Nf6 4. Bg5 dxe4 5. Nxe4 Be7 6. Bxf6 gxf6 7. Nf3 f5 8.
Nc3 c5 9. Bb5+ Bd7 10. d5 Bxb5 11. Nxb5 a6 12. Nc3 Bf6 13. Qd3 O-O 14. O-O-O b5
15. Rhe1 b4 16. Na4 Qa5 17. b3 Nd7 18. dxe6 Nb6 19. Qxf5 Nxa4 20. Qxf6 Nc3 21.
Rd7 1-0